| 000 | 00349nam a2200121 a 4500 | ||
|---|---|---|---|
| 005 | 20141022142003.0 | ||
| 008 | 120229s19uu xx 00 eng d | ||
| 050 |
_aCD-ROM _bAr2 2004 |
||
| 100 | _aArduser, Laura | ||
| 245 |
_aHow to open a financially successful bed and breakfast or small hotel / _cLaura Arduser. |
||
| 260 | _c2004. | ||
| 942 | _cAVM | ||
| 999 |
_c276394 _d276394 |
||